[Event "Balatonbereny-B"]
[Site "Balatonbereny"]
[Date "1995.??.??"]
[Round "2"]
[White "Petran, Pal"]
[Black "Nagy, E."]
[Result "1/2-1/2"]
[WhiteElo "2420"]
[BlackElo "2325"]

1.d4 Nf6 2.c4 e6 3.Nf3 b6 4.a3 Bb7 5.Nc3 d5 6.Qc2 Be7 7.cxd5 exd5 8.Bf4 c6
9.e3 O-O 10.Bd3 Nbd7 11.O-O g6 12.Rad1 Nh5 13.Bh6 Ng7 14.e4 Nf6 15.exd5 Nxd5
16.Nxd5 cxd5 17.Rc1 Bd6 18.Qb3 Rc8 19.Rxc8 Qxc8 20.Rc1 Qb8 21.Bxg7 Kxg7 22.Qa4 Re8
23.g3 Re7 24.Ba6 Bxa6 25.Qxa6 Qe8 26.Kf1 Qd7 27.Kg2 Re8 28.a4 Re2 29.b3 h6
30.Qc8 Qxc8 31.Rxc8 Kf6 32.Rc6 Re6 33.Rc8 Re7 34.Kf1 Ke6 35.Rc2 Kd7 36.Re2 Re4
37.Rc2 Re8 38.h3 a5 39.Rc3 g5 40.g4 f6 41.Rc2 Rb8 42.Ne1 Rh8 43.Ng2 Bb4 44.Ne3 Kd6
45.Kg2 Ba3 46.Kg3 Bb4 47.h4 Be1 48.Re2 Bb4 49.h5 Ba3 50.Rc2 Bb4 51.Kf3 Ba3
52.Ke2 Bb4 53.Kd3 Ba3 54.Rc3 Bb4 55.Rc1 Ba3 56.Rf1 Bb4 57.Nf5+ Kd7 58.f4 gxf4
59.Rxf4 Ba3 60.Rf1 Bb4 61.Rc1 Ba3 62.Rc2 Bb4 63.Ne3 Kd6 64.Ke2 Re8 65.Kf3 Re4
66.Rc8 Rxd4 67.Nf5+ Kd7 68.Nxd4 Kxc8 69.Nf5 Bf8 70.Ne3 d4 71.Nd5 Kd7 72.Ke4 Bc5
73.Nxf6+ Ke6 74.Nd5 Kf7 75.Kd3 Ke6 76.Ke4 Kf7  1/2-1/2

[Event "Oberliga Bayern9596"]
[Site "Bayern"]
[Date "1995.??.??"]
[Round "?"]
[White "Gruenberg, Hans Ulrich"]
[Black "Bachmayr, Peter"]
[Result "1/2-1/2"]
[WhiteElo "2450"]
[BlackElo "2270"]

1.d4 Nf6 2.Nf3 e6 3.c4 b6 4.a3 Bb7 5.Nc3 d5 6.cxd5 exd5 7.Qa4+ c6 8.g3 Bd6
9.Bg2 O-O 10.O-O Nbd7 11.Rd1 Re8 12.Bf4 Qe7 13.e3 Nf8 14.Rac1 Ne6 15.Bxd6 Qxd6
16.Ne5 Re7 17.Nd3 a6 18.b4 a5 19.Qb3 axb4 20.axb4 h6 21.Ra1 Ree8 22.Ne5 Reb8
23.Rxa8 Rxa8 24.Rc1 Nf8 25.Bh3 N8d7 26.Nd3 g6 27.Bg2 Kg7 28.Qb2 Qb8 29.Bh3 Kg8
30.Ra1 Ra7 31.Nf4 g5 32.Nd3 Qa8 33.Rxa7 Qxa7 34.Bf5 Qa8 35.h3 Bc8 36.Qa2 Qxa2
37.Nxa2 Ba6 38.Nc3 Bxd3 39.Bxd3 Kf8 40.Kg2 Ke7 41.Bf5 Kd6 42.Kf3 Nf8 43.Na4 Kc7
44.Nb2 Ne6 45.h4 Ng7 46.Bc2 Kd6 47.Nd3 Nd7 48.hxg5 hxg5 49.Kg4 f6 50.Ba4 Nf8
51.b5 c5 52.dxc5+ bxc5 53.b6 Nfe6 54.f4 gxf4 55.Nxf4 Nd8 56.Nh5 Nxh5 57.Kxh5 Ke5
58.Kg6 d4 59.exd4+ cxd4 60.Bb5 Nb7 61.Ba6 Nc5 62.Be2 f5 63.Bf3 f4 64.g4 d3
65.g5 Kd6 66.Kf5  1/2-1/2

[Event "Oberliga Bayern9495"]
[Site "Bayern"]
[Date "1995.??.??"]
[Round "1"]
[White "De Francesco, Klaus"]
[Black "Mischustov, Michael"]
[Result "1-0"]
[WhiteElo "2235"]
[BlackElo "2370"]

1.d4 Nf6 2.Nf3 e6 3.c4 b6 4.a3 Ba6 5.e3 c6 6.Nbd2 d5 7.b3 Be7 8.Bd3 O-O 9.O-O Nbd7
10.Bb2 c5 11.Qe2 Rc8 12.Rac1 Bb7 13.Rfd1 Re8 14.Ne5 Nxe5 15.dxe5 Nd7 16.Bb1 Qc7
17.f4 g6 18.Qg4 Bf8 19.h4 Bg7 20.cxd5 exd5 21.Ne4 dxe4 22.Rxd7 Qb8 23.Rcd1 Bc6
24.e6 Rxe6 25.Bxg7 Bxd7 26.Rxd7 h5 27.Qh3 Rd8 28.Be5 Qc8 29.Rxd8+ Qxd8 30.Bxe4 Qd1+
31.Kh2 Qxb3 32.Qf3 Re8 33.Bd5 Qd3 34.Bc6 Rd8 35.Bf6 Rd6 36.Bb5 Qd5 37.e4 Qd1
38.Qc3 Qd2 39.Qe5 Kh7 40.Bh8 f6  1-0

[Event "Oberliga Bayern9495"]
[Site "Bayern"]
[Date "1995.??.??"]
[Round "3"]
[White "Grundherr, Martin"]
[Black "Menacher, Manfred"]
[Result "1-0"]
[WhiteElo "2320"]
[BlackElo "2320"]

1.d4 Nf6 2.c4 e6 3.Nf3 b6 4.a3 Ba6 5.Qc2 Bb7 6.Nc3 c5 7.e4 cxd4 8.Nxd4 Bc5
9.Qd3 Nc6 10.Nxc6 Bxc6 11.b4 Be7 12.Be2 Qc7 13.O-O a5 14.Rb1 axb4 15.axb4 O-O
16.Rd1 d6 17.Bf4 Ra3 18.Bxd6 Bxd6 19.Qxd6 Qb7 20.b5 Rxc3 21.bxc6 Qc8 22.Rxb6 Nxe4
23.Qe5 f5 24.Rb7  1-0

[Event "Regionalliga NO9495"]
[Site "Bayern"]
[Date "1995.??.??"]
[Round "4"]
[White "Kordts, Wolfgang"]
[Black "Ponnath, Lorenz"]
[Result "1-0"]
[WhiteElo "2000"]
[BlackElo "2065"]

1.d4 e6 2.c4 Nf6 3.Nf3 b6 4.a3 Bb7 5.Nc3 Ne4 6.Nxe4 Bxe4 7.Nd2 Bg6 8.g3 d5
9.Bg2 Be7 10.cxd5 exd5 11.Qa4+ c6 12.O-O O-O 13.Nf3 b5 14.Qd1 Nd7 15.Bf4 Rc8
16.Bh3 Bf6 17.a4 b4 18.Bd6 Re8 19.Bxb4 Rb8 20.Ba3 Rb7 21.Rc1 Nb8 22.Qd2 h6
23.Rfe1 Bh5 24.Bf5 g6 25.Bh3 Bg7 26.Rc3 Re4 27.Re3 Kh7 28.Bc5 Nd7 29.Bxd7 Qxd7
30.Ne5 Qe6 31.f3 Rxb2 32.Qxb2 Rxe3 33.g4 Bxg4 34.Nxg4 Rxf3 35.exf3 Qxe1+
36.Kg2 Qd1 37.a5 Qa4 38.Qd2 h5 39.Nf2 a6 40.Bb6 Qc4 41.Qd3 Qc1 42.h4 Bf6
43.Qxa6 Bxh4 44.Qe2 Qg5+ 45.Kf1 Qc1+ 46.Nd1 Qb1 47.Bc5 Qf5 48.Nf2 Qc8 49.a6 f5
50.a7 Bg5 51.Qa2 Qa8 52.Qb3 Bf4 53.Nh3 Bc7 54.Qe3  1-0

[Event "Belgrade Trako"]
[Site "Belgrade"]
[Date "1995.??.??"]
[Round "4"]
[White "Nestorovic, Dejan"]
[Black "Timoshenko, Georgy"]
[Result "0-1"]
[WhiteElo "2415"]
[BlackElo "2555"]

1.d4 Nf6 2.c4 e6 3.Nf3 b6 4.a3 Bb7 5.Nc3 d5 6.Qc2 dxc4 7.Bg5 a6 8.e4 b5 9.e5 h6
10.Bh4 g5 11.Nxg5 hxg5 12.Bxg5 Be7 13.exf6 Bxf6 14.Bxf6 Qxf6 15.Rd1 Nc6 16.Ne4 Qg7
17.Qc3 O-O-O 18.d5 Qg6 19.f3 exd5 20.Rxd5 Rhe8 21.Rxd8+ Nxd8 22.Kf2 Qb6+
23.Qe3 Qxe3+ 24.Kxe3 f5 25.g4 fxg4 26.Bg2 Nf7 27.Re1 gxf3 28.Bxf3 Ng5 29.Kf4 Nxf3
30.Nd6+ cxd6 31.Rxe8+ Kd7 32.Rh8 Ne5 33.Rh7+ Kc6 34.h4 a5 35.h5 b4 36.axb4 axb4
37.Rg7 c3 38.bxc3 b3 39.Ke3 b2 40.Rg1 Bc8 41.Rb1 Nc4+ 42.Kf4 Be6 43.Kg5 Bg8
44.Kg6 Bd5 45.Kf5 Bf3 46.h6 d5  0-1

[Event "Belgrade Invest"]
[Site "Belgrade"]
[Date "1995.??.??"]
[Round "6"]
[White "Shirov, Alexei"]
[Black "Ljubojevic, Ljubomir"]
[Result "1/2-1/2"]
[WhiteElo "2695"]
[BlackElo "2600"]

1.d4 Nf6 2.c4 e6 3.Nf3 b6 4.a3 Bb7 5.Nc3 d5 6.cxd5 Nxd5 7.e3 Nd7 8.Bd3 c5
9.e4 N5f6 10.d5 exd5 11.exd5 Bd6 12.O-O O-O 13.Bg5 Qc7 14.Qd2 a6 15.Nh4 Bxh2+
16.Kh1 Be5 17.Nf5 Rfe8 18.d6 Qc6 19.f3 c4 20.Be4 Nxe4 21.Nxe4 Qb5 22.Be7 h6
23.Rab1 Qd5 24.Qe3 Qe6 25.g4 h5 26.Qg5 hxg4 27.Qxg4 Qg6 28.Qh3 Qh7 29.Bh4 Bxe4
30.fxe4 Bf6 31.Rf4 Ne5 32.Rg1 Ng6 33.Rfg4 Rad8 34.R1g3 Re6 35.Bxf6 Qxh3+
36.Rxh3 Rxf6 37.Rg5 Rfxd6 38.Nxd6 Rxd6 39.Rd5 Rxd5 40.exd5 Nf4 41.d6 Ne6
42.b3 cxb3 43.Rxb3 b5 44.a4 Kf8 45.axb5 axb5 46.Rxb5 Ke8 47.Rb7 Ng5  1/2-1/2

[Event "Belgrade Trako"]
[Site "Belgrade"]
[Date "1995.??.??"]
[Round "7"]
[White "Komarov, Dimitri"]
[Black "Cosma, Ioan"]
[Result "1/2-1/2"]
[WhiteElo "2575"]
[BlackElo "2440"]

1.d4 Nf6 2.Nf3 e6 3.c4 b6 4.a3 Bb7 5.Nc3 d5 6.cxd5 Nxd5 7.e3 Be7 8.Bb5+ c6
9.Bd3 Nxc3 10.bxc3 O-O 11.O-O c5 12.Qe2 Nc6 13.Bb2 Rc8 14.Rad1 cxd4 15.cxd4 Bd6
16.e4 Re8 17.h4 Bf8 18.h5 g6 19.Bb5 Re7 20.Qd2 Na5 21.d5 Nc4 22.Bxc4 Rxc4
23.Bf6 exd5 24.exd5 Qd6 25.Bxe7 Bxe7 26.Rfe1 Rc5 27.Re5 Bf8 28.hxg6 hxg6
29.Qg5 Bc6 30.Rd4 Bd7 31.Rf4 Rc1+ 32.Kh2 Bg7 33.Qd8+ Bf8 34.Rf6 Rc8  1/2-1/2

[Event "Belgrade Trako"]
[Site "Belgrade"]
[Date "1995.??.??"]
[Round "10"]
[White "Nestorovic, Dejan"]
[Black "Komarov, Dimitri"]
[Result "1/2-1/2"]
[WhiteElo "2415"]
[BlackElo "2575"]

1.d4 Nf6 2.c4 e6 3.Nf3 b6 4.a3 Bb7 5.Nc3 d5 6.Qc2 Be7 7.Bg5 O-O 8.cxd5 Nxd5
9.Nxd5 Bxd5 10.Bxe7 Qxe7 11.e4 Bb7 12.Bd3 c5 13.O-O Nd7 14.Rfd1 Rfd8 15.Qe2 cxd4  1/2-1/2

[Event "Berliner Sommer"]
[Site "Berlin"]
[Date "1995.??.??"]
[Round "2"]
[White "Beckhuis, Gernod"]
[Black "Kiselev, Sergey"]
[Result "0-1"]
[WhiteElo "2280"]
[BlackElo "2505"]

1.d4 Nf6 2.c4 e6 3.Nf3 b6 4.a3 Ba6 5.Qc2 Bb7 6.Nc3 c5 7.dxc5 Bxc5 8.Bg5 Be7
9.Rd1 d6 10.e4 Nbd7 11.Be2 Qc7 12.O-O a6 13.Nd4 O-O 14.Rd2 Rfe8 15.Be3 Rac8
16.f3 Ne5 17.Na4 Nfd7 18.Rc1 Nc5 19.Nc3 Qb8 20.b4 Ncd7 21.Qb3 Nf6 22.Rdd1 Bd8
23.Kh1 h6 24.Bg1 h5 25.Nc2 h4 26.Ne3 Nh5 27.Bf2 Qc7 28.Rc2 Qe7 29.Rcd2 Qg5
30.Rxd6 Ng3+ 31.hxg3 hxg3 32.Bxg3 Qxg3 33.Kg1 Bh4 34.Rf1 Nxf3+ 35.Bxf3 Qxd6
36.e5 Qxe5 37.Bxb7 Qxe3+ 38.Kh1 Rcd8 39.Qc2 Bg3 40.Rd1 Rxd1+  0-1

[Event "Berliner Sommer"]
[Site "Berlin"]
[Date "1995.??.??"]
[Round "6"]
[White "Manor, Ilan"]
[Black "Brodsky, Michail"]
[Result "1/2-1/2"]
[WhiteElo "2480"]
[BlackElo "2555"]

1.d4 Nf6 2.c4 e6 3.Nf3 b6 4.a3 Bb7 5.Nc3 d5 6.Bg5 Be7 7.Qa4+ c6 8.Bxf6 Bxf6
9.cxd5 exd5 10.g3 O-O 11.Bg2 Re8 12.O-O Na6 13.Rad1 Qc8 14.Qc2 c5 15.e3 Nc7
16.h4 h6 17.Rd2 Ne6 18.Rfd1 Rd8 19.Qb1 Qc7 20.Nh2 cxd4 21.exd4 Qd6 22.Ng4 Nc7
23.Qf5 Be7 24.Ne5 Qf6 25.Qg4 Bc8 26.Qe2 Qd6 27.Re1 Be6 28.Qf3 Bf6 29.Kh2 Rac8
30.h5 a6 31.Bh3 Bxh3 32.Kxh3 Ne6 33.Qg4 b5 34.Kg2 Rb8 35.Rde2 Nf8 36.Nd1 Bxe5
37.Rxe5 Nd7 38.Re7 Nf6 39.Qf3 Re8 40.Rxe8+ Rxe8 41.Rxe8+ Nxe8  1/2-1/2

[Event "Berliner Sommer"]
[Site "Berlin"]
[Date "1995.??.??"]
[Round "8"]
[White "Rechlis, Gad"]
[Black "Brodsky, Michail"]
[Result "1-0"]
[WhiteElo "2490"]
[BlackElo "2555"]

1.d4 Nf6 2.c4 e6 3.Nf3 b6 4.a3 Ba6 5.Qc2 c5 6.d5 exd5 7.cxd5 g6 8.Nc3 Bg7
9.g3 O-O 10.Bg2 d6 11.O-O Re8 12.Re1 b5 13.e4 Qb6 14.Bf4 Nbd7 15.e5 dxe5
16.Nxe5 Nxe5 17.Bxe5 Bb7 18.a4 a6 19.a5 Qd8 20.f4 c4 21.Qd2 Bf8 22.d6 Bxg2
23.Kxg2 Re6 24.Rad1 Nd7 25.Nd5 Bxd6 26.Bxd6 Rxd6 27.Ne7+ Qxe7 28.Rxe7 Rxd2+
29.Rxd2 Nc5 30.Rd6 Na4 31.Rf6 Rf8 32.Rxa6 Nxb2 33.Rb6 Rc8 34.a6 c3 35.a7 c2
36.Rc6  1-0

[Event "Bern op"]
[Site "Bern"]
[Date "1995.??.??"]
[Round "3"]
[White "Matamoros Franco, Carlos S"]
[Black "Razuvaev, Yuri S"]
[Result "1/2-1/2"]
[WhiteElo "2430"]
[BlackElo "2580"]

1.d4 Nf6 2.c4 e6 3.Nf3 b6 4.a3 c5 5.d5 Ba6 6.Qc2 exd5 7.cxd5 g6 8.Nc3 d6
9.g3 Bg7 10.Bg2 O-O 11.O-O b5 12.Re1 Re8 13.e4 Qb6 14.Bf4 Nbd7 15.h3 Rac8
16.e5 dxe5 17.Nxe5 Nxe5 18.Bxe5 Bb7 19.d6 Bxg2 20.Kxg2 Qc6+ 21.f3 Re6 22.Bxf6  1/2-1/2

[Event "Bern op"]
[Site "Bern"]
[Date "1995.??.??"]
[Round "5"]
[White "Savchenko, Stanislav"]
[Black "Muco, Fatos"]
[Result "1-0"]
[WhiteElo "2585"]
[BlackElo "2430"]

1.d4 Nf6 2.c4 e6 3.Nf3 b6 4.a3 Bb7 5.Nc3 d5 6.Qc2 Be7 7.cxd5 exd5 8.g3 O-O
9.Bg2 c5 10.O-O Na6 11.Rd1 Nc7 12.Bf4 Ne6 13.Be5 c4 14.b3 cxb3 15.Qxb3 Ne4
16.Nxe4 dxe4 17.Nd2 Bd5 18.Qb2 f6 19.Nxe4 g5 20.Rac1 Rf7 21.Qb5 Bxe4 22.Bxe4 fxe5
23.Qxe5 Kf8 24.Bd5 Bf6 25.Qf5 Rb8 26.Rc6 Rbb7  1-0

[Event "Bern op"]
[Site "Bern"]
[Date "1995.??.??"]
[Round "9"]
[White "Cvitan, Ognjen"]
[Black "Ilijin, Neboisa"]
[Result "1/2-1/2"]
[WhiteElo "2520"]
[BlackElo "2280"]

1.d4 Nf6 2.Nf3 e6 3.c4 b6 4.a3 Bb7 5.Nc3 d5 6.cxd5 exd5 7.g3 Be7 8.Qa4+ c6
9.Ne5 O-O 10.Bg2 a5 11.O-O Bd6 12.Bg5 h6 13.Bxf6 Qxf6 14.e4 c5 15.Nxd5 Bxd5
16.exd5 cxd4 17.Nc4 Na6 18.Nxb6 Nc5 19.Qc6 Ra6 20.b4 axb4 21.axb4 Rxa1 22.Rxa1 Nd3
23.Rf1 Nxb4 24.Qc4 Rd8 25.Nc8 Bf8 26.Na7 d3 27.Nc6 Nxc6 28.dxc6 d2 29.Rd1 Qe5
30.Bf3 Bc5 31.Kg2 Bb6 32.Rb1 Bc7 33.Rb5 Qf6 34.Rd5 Rxd5 35.Qxd5 Qd6 36.Qxd6  1/2-1/2

[Event "DLM Girls"]
[Site "Binz"]
[Date "1995.??.??"]
[Round "5"]
[White "Ulms, Sandra"]
[Black "Meissner, Claudia"]
[Result "1/2-1/2"]
[WhiteElo "2070"]
[BlackElo "2095"]

1.d4 Nf6 2.c4 e6 3.Nf3 b6 4.a3 Bb7 5.Bg5 Be7 6.e3 O-O 7.Nc3 Ne4 8.Nxe4 Bxe4
9.Bxe7 Qxe7 10.Be2 d6 11.O-O f5 12.Nd2 Bb7 13.Bf3 Bxf3 14.Qxf3 Nd7 15.Rac1 g5
16.Rc3 Qg7 17.Rfc1 g4 18.Qc6 Rac8 19.c5 bxc5 20.dxc5 Ne5 21.Qa6 Rcd8 22.Nf1 Rd7
23.cxd6 cxd6 24.Rc8 Rxc8 25.Rxc8+ Kf7 26.Ng3 Kg6 27.Ne2 Qf7 28.Nf4+ Kf6 29.b4 Ng6
30.Qc4 Nxf4 31.Qxf4 Kg6 32.h3 e5 33.Qg3 h5 34.hxg4 fxg4 35.f3 Qb3 36.fxg4 Qd1+
37.Kh2 hxg4 38.Rg8+ Rg7 39.Rxg7+ Kxg7 40.Qh4 Kg6 41.Qe7 a6 42.Qe6+ Kg5 43.Qg8+ Kh5  1/2-1/2

[Event "Bled op"]
[Site "Bled"]
[Date "1995.??.??"]
[Round "1"]
[White "Cebalo, Miso"]
[Black "Ilijin, Neboisa"]
[Result "1-0"]
[WhiteElo "2570"]
[BlackElo "2280"]

1.d4 Nf6 2.Nf3 e6 3.c4 b6 4.a3 Bb7 5.Nc3 d5 6.cxd5 exd5 7.Qa4+ c6 8.Bg5 Be7
9.e3 O-O 10.Bd3 Nbd7 11.Rd1 h6 12.Bf4 Nh5 13.Bg3 a5 14.Bb1 Re8 15.Qc2 Nf8
16.O-O Nxg3 17.hxg3 Bf6 18.Rfe1 g6 19.e4 dxe4 20.Nxe4 Bg7 21.Ba2 Rc8 22.Ne5 Ne6
23.Qb3 Qc7 24.Nxf7 Qxf7 25.Nd6 Qd7 26.Rxe6 Rxe6 27.Qxe6+  1-0

[Event "Bled op"]
[Site "Bled"]
[Date "1995.??.??"]
[Round "3"]
[White "Cebalo, Miso"]
[Black "Justin, Matijaz"]
[Result "1-0"]
[WhiteElo "2570"]
[BlackElo "2395"]

1.d4 Nf6 2.Nf3 e6 3.c4 b6 4.a3 Ba6 5.e3 c5 6.Bd3 Bb7 7.O-O d6 8.Nc3 Be7 9.d5 exd5
10.cxd5 O-O 11.e4 a6 12.a4 Re8 13.h3 Bf8 14.Re1 Nbd7 15.Bf4 Qc7 16.Bc4 g6
17.Qd3 Ne5 18.Bxe5 dxe5 19.Rad1 Bd6 20.Nd2 Nh5 21.Qc2 Qe7 22.Bf1 Reb8 23.Nc4 Bc8
24.Ra1 Ng7 25.Ra3 Ne8 26.Rb3 Bc7 27.d6 Nxd6 28.Nd5 Qd8 29.Nxe5 Bb7 30.Rd1 Bxd5
31.exd5 Nf5 32.d6 Bxd6 33.Nc6 Qf6 34.Nxb8 Rxb8 35.Qe4 Nd4 36.Re3 b5 37.axb5 axb5
38.g3 h5 39.h4 Bf8 40.Bh3 Rd8 41.Ra1 Bh6 42.Rea3 Bg7 43.Ra8 Rxa8 44.Rxa8+ Kh7
45.Ra7 Bh8 46.Bd7 Nf5 47.Bxf5 gxf5 48.Qe2 Qg6 49.Qxb5 f4 50.Qc4 fxg3 51.Qxf7+ Bg7
52.Qxg7+ Qxg7 53.Rxg7+ Kxg7 54.fxg3 c4 55.Kf2 Kf6 56.Kf3 Kf5 57.g4+ hxg4+
58.Kg3 Ke4 59.Kxg4 Kd3 60.h5 Kc2 61.h6 Kxb2 62.h7 c3 63.h8=Q  1-0

[Event "Bled op"]
[Site "Bled"]
[Date "1995.??.??"]
[Round "7"]
[White "Arbakov, Valentin"]
[Black "Mencinger, Vojko"]
[Result "1/2-1/2"]
[WhiteElo "2500"]
[BlackElo "2385"]

1.d4 Nf6 2.c4 e6 3.Nf3 b6 4.a3 Bb7 5.Nc3 d5 6.Qa4+ c6 7.cxd5 exd5 8.Bg5 Be7
9.e3 O-O 10.Be2 Nbd7 11.O-O Re8 12.Rac1 a6 13.Rfd1 c5 14.dxc5 bxc5 15.Bh4 Qb6
16.Qc2 Rac8 17.Qb1 Bf8 18.Bg3 g6 19.Rc2 Bc6 20.Rcd2 Bh6 21.b4 d4 22.bxc5 Qxb1
23.Nxb1 dxe3 24.Rd6 exf2+ 25.Kf1 Rxe2 26.Kxe2 Re8+ 27.Kxf2 Be3+ 28.Ke1 Bxc5+
29.Kd2 Ne4+ 30.Kc1 Nxd6 31.Bxd6 Re2 32.Nd4 Bxd4 33.Rxd4 Rxg2 34.Rc4 Bb5 35.Rc7 Rg1+
36.Kb2 Kg7 37.Nc3 Nb6 38.Kb3 Re1 39.Bc5 Nc4 40.a4 Na5+ 41.Kb4 Nc6+ 42.Ka3 Rc1
43.Kb2 Rxc3 44.Kxc3 Bxa4 45.Kc4 g5 46.Kd5 h5 47.Rc8 h4 48.Ke4 Bc2+ 49.Kd5 Ba4
50.Ba3 Kg6 51.Rf8 Kg7 52.Ra8 Bb5 53.Ke4 f6 54.Bb2 Kf7 55.Rh8 Ne7 56.Rh7+ Ke6
57.Rg7 Bc6+ 58.Kd3 h3 59.Ke2 Bg2 60.Kf2 Be4 61.Ba3 Nd5 62.Kg3 Bg2 63.Ra7 Bf1
64.Ra8 Kf5 65.Rc8 Nf4 66.Rc5+ Ke4 67.Bb2 Nh5+ 68.Kg4 Be2+  1/2-1/2

[Event "Bled op"]
[Site "Bled"]
[Date "1995.??.??"]
[Round "9"]
[White "Wells, Peter K"]
[Black "Psakhis, Lev"]
[Result "1/2-1/2"]
[WhiteElo "2530"]
[BlackElo "2625"]

1.d4 e6 2.Nf3 Nf6 3.c4 b6 4.a3 Bb7 5.Nc3 d5 6.Bg5 Be7 7.Qa4+ c6 8.Bxf6 Bxf6
9.cxd5 exd5 10.g3 O-O 11.Bg2 Na6 12.O-O Re8 13.Rfd1 Nc7 14.Rac1 g6 15.e3 Bg7
16.b4 Qd6 17.Qb3 b5 18.Ne1 Ne6 19.Nd3 Rad8 20.Ne2 h5 21.h4 Bc8 22.Rc2 Bd7
23.Qb2 Re7 24.Ne5 Rc8 25.Rdc1 Rc7 26.Bh3 f6 27.Nd3 g5 28.hxg5 fxg5 29.Ne5 Nf8  1/2-1/2

[Event "SWE-chB"]
[Site "Borlange"]
[Date "1995.??.??"]
[Round "?"]
[White "Eriksson, Anders"]
[Black "Lindberg, Bengt"]
[Result "0-1"]
[WhiteElo "2320"]
[BlackElo "2335"]

1.d4 Nf6 2.c4 e6 3.Nf3 b6 4.a3 Ba6 5.Qc2 Bb7 6.Nc3 c5 7.dxc5 Bxc5 8.Bf4 O-O
9.e3 Be7 10.Rd1 Na6 11.Be2 Nc5 12.O-O d6 13.b4 Nce4 14.Nxe4 Bxe4 15.Bd3 Bxd3
16.Rxd3 Qc7 17.Bg3 Rac8 18.Rc1 Ne4 19.Nd4 Qb7 20.Qb1 d5 21.cxd5 Rxc1+ 22.Qxc1 Qxd5
23.Rd1 Rd8 24.Re1 Kf8 25.b5 h5 26.f3 Nxg3 27.hxg3 Bc5 28.Nc6 Rd7 29.Kh2 Qb3
30.a4 Rd3 31.Ne5 Rd5 32.f4 Qxa4 33.Qb1 Kg8 34.e4 Rd2 35.Nf3 Rd8 36.e5 Qb4
37.Qc2 Qxb5 38.Ng5 Qd3 39.Qa2 Rd7 40.Nxe6 Qd5 41.Qxd5 Rxd5 42.Ng5 Be7 43.Ne4 g6
44.Rc1 Rd4 45.Rc8+ Kg7 46.Nc3 a6 47.Ra8 Bb4 48.Ne2 Re4 49.Ng1 a5 50.Nf3 Bc5
51.Ra7 Kg8 52.Ng5 Re1 53.Rxf7 Bg1+ 54.Kh3 Bf2 55.Kh2 Re3 56.Rf6 Bxg3+ 57.Kh3 Bxf4+  0-1

[Event "SWE-ch"]
[Site "Borlange"]
[Date "1995.??.??"]
[Round "4"]
[White "Eklund, Lars Goran"]
[Black "Schneider, Lars Ake"]
[Result "0-1"]
[WhiteElo "2330"]
[BlackElo "2420"]

1.Nf3 Nf6 2.c4 e6 3.d4 b6 4.a3 d5 5.Nc3 Bb7 6.cxd5 exd5 7.g3 Be7 8.Bg2 O-O
9.O-O Na6 10.Ne5 c5 11.Be3 Re8 12.Nd3 Ng4 13.Nf4 Nxe3 14.fxe3 Nc7 15.Qd3 Rb8
16.Qf5 g6 17.Qg4 Bf6 18.Ncxd5 Nxd5 19.Nxd5 Bxd5 20.Bxd5 Qxd5 21.Rxf6 Rxe3
22.dxc5 bxc5 23.Raf1 Re7 24.Qf4 Rxb2 25.Rd6 Rexe2  0-1

[Event "SWE-ch"]
[Site "Borlange"]
[Date "1995.??.??"]
[Round "6"]
[White "Eklund, Lars Goran"]
[Black "Sjoberg, Mats"]
[Result "0-1"]
[WhiteElo "2330"]
[BlackElo "2450"]

1.Nf3 e6 2.c4 Nf6 3.d4 b6 4.a3 Ba6 5.Qc2 Bb7 6.Nc3 c5 7.e4 cxd4 8.Nxd4 Nc6
9.Nxc6 Bxc6 10.Bf4 Bc5 11.Be2 O-O 12.Rd1 a5 13.O-O Rc8 14.Qd3 Qe7 15.Bd6 Bxd6
16.Qxd6 Qxd6 17.Rxd6 Rfd8 18.f3 Kf8 19.Re1 Ke7 20.Rd2 d6 21.Red1 g5 22.Kf2 h5
23.Ke3 h4 24.b3 Nh5 25.Na2 Be8 26.Nc1 Nf4 27.Bf1 f6 28.Ne2 a4 29.Rb1 e5 30.Nc3 axb3
31.Rxb3 Bf7 32.g3 hxg3 33.hxg3 Nh5 34.Rxb6 Nxg3 35.Rb7+ Kf8 36.Bd3 Bxc4 37.Bxc4 Rxc4
38.Kd3 Rdc8 39.Nd5 Rd4+  0-1

[Event "RUS-chT"]
[Site "Briansk"]
[Date "1995.??.??"]
[Round "3"]
[White "Pospelov, Evgeny"]
[Black "Belozerov, Andrei"]
[Result "0-1"]
[WhiteElo "2385"]
[BlackElo "2325"]

1.d4 Nf6 2.c4 e6 3.Nf3 b6 4.a3 Bb7 5.Nc3 d5 6.Bg5 Be7 7.e3 O-O 8.Be2 Nbd7
9.O-O c5 10.Ne5 Nxe5 11.dxe5 Ne4 12.Bxe7 Qxe7 13.Nxe4 dxe4 14.Qc2 Rfd8 15.Rad1 Qc7
16.Qc3 Kf8 17.h4 Rxd1 18.Rxd1 Rd8 19.Rd2 Bc6 20.Bd1 Rxd2 21.Qxd2 Ke8 22.Qc3 Qd8
23.Bc2 Qxh4 24.b4 Qe7 25.Qd2 Qc7 26.b5 Bb7 27.Qc3 Ke7 28.a4 Qd8 29.Kh2 f5
30.exf6+ gxf6 31.Kg1 Kf7 32.Qe1 f5 33.Qd1 Qxd1+ 34.Bxd1 Kf6 35.Kf1 Kg5 36.Ke1 a5
37.Bc2 Bc8 38.Kf1 e5 39.Ke2 Be6 40.Bb3 h5 41.Ba2 h4 42.Bb3 f4 43.Ba2 Bg4+
44.Kf1 Bd1 45.Bb1 fxe3 46.fxe3 Bxa4 47.Bxe4 Bb3  0-1

[Event "RUS-chT"]
[Site "Briansk"]
[Date "1995.??.??"]
[Round "5"]
[White "Svirin, O."]
[Black "Belozerov, Andrei"]
[Result "1-0"]
[WhiteElo "2420"]
[BlackElo "2325"]

1.Nf3 Nf6 2.c4 e6 3.d4 b6 4.a3 Bb7 5.Nc3 d5 6.cxd5 exd5 7.g3 Be7 8.Qa4+ c6
9.Bg2 O-O 10.O-O Nbd7 11.Bf4 Nh5 12.Bd2 f5 13.Ne5 Nxe5 14.dxe5 g5 15.b4 b5
16.Qb3 Kh8 17.Rad1 Qe8 18.Bc1 Ng7 19.Bb2 Qg6 20.e4 fxe4 21.Nxe4 Bc8 22.Nf6 Be6
23.Rc1 Rfc8 24.Qc3 Nf5 25.Qd2 Bf8 26.Rc2 g4 27.Qe2 Ne7 28.f3 gxf3 29.Bxf3 Bh6
30.Bh5 Qg5 31.Bd4 Nf5 32.Bf2 Ne3 33.Bxe3 Qxe3+ 34.Kg2 a5 35.Bf3 axb4 36.axb4 Ra4
37.Bg4 Qxe2+ 38.Rxe2 Bxg4 39.Nxg4 Bg7 40.e6 Rxb4 41.e7 Re4 42.Rxe4 dxe4 43.Rd1  1-0

[Event "Spring op"]
[Site "Budapest"]
[Date "1995.??.??"]
[Round "?"]
[White "Koch, Wolfgang Max"]
[Black "Kovacs, Janos"]
[Result "1/2-1/2"]
[WhiteElo "2320"]
[BlackElo "2180"]

1.d4 Nf6 2.Nf3 b6 3.c4 e6 4.a3 Bb7 5.Nc3 Ne4 6.Nxe4 Bxe4 7.e3 Be7 8.Bd3 Bxd3
9.Qxd3 O-O 10.O-O d6 11.e4 Nd7 12.Be3 e5 13.dxe5 Nxe5 14.Nxe5 dxe5 15.Qc3 f6
16.c5 Bxc5 17.Bxc5 bxc5 18.Qxc5 Qd3 19.Rad1 Qxe4 20.Rd7 Rad8 21.Rxc7 Rd2
22.Qxa7 Qg6 23.Qb6 h5 24.b4 Rfd8 25.Rc8 Rxc8 26.Qe6+ Kh7 27.Qxc8 Qd3 28.Qh3 Qxh3
29.gxh3 Ra2 30.Rb1 Rxa3 31.b5 Kg6 32.b6 Ra8 33.Kf1 Kf5 34.Ke2 Kf4 35.Rb4+ e4
36.b7 Rb8 37.f3 f5 38.fxe4 fxe4 39.Rb5 g5 40.Kf2 e3+ 41.Ke2 Ke4 42.h4 gxh4
43.Rb4+ Kd5 44.Kxe3 h3 45.Kf4 Kc6 46.Rc4+ Kd6 47.Rd4+ Kc6 48.Kg5 Rxb7 49.Rd3 Rb5+
50.Kg6 Rd5 51.Rxh3 Kd6 52.Re3  1/2-1/2

[Event "Budapest FS07 IM-B"]
[Site "Budapest"]
[Date "1995.??.??"]
[Round "?"]
[White "Yip, Michael"]
[Black "Voskanian, Vahagn"]
[Result "0-1"]
[WhiteElo "2090"]
[BlackElo "2425"]

1.d4 Nf6 2.c4 e6 3.Nf3 b6 4.a3 d5 5.cxd5 exd5 6.Nc3 Be7 7.g3 O-O 8.Bg2 Bb7
9.O-O Nbd7 10.Bf4 Ne4 11.Qb3 Ndf6 12.Rfd1 Ba6 13.Ne5 Nxc3 14.bxc3 Bb7 15.Qa4 Qc8
16.Nc6 Re8 17.c4 Qe6 18.Nxe7+ Rxe7 19.Rd2 Bc6 20.cxd5 Bxd5 21.Rc1 Bxg2 22.Kxg2 Nd5
23.Qc6 Nxf4+ 24.gxf4 Qg4+ 25.Kh1 Rae8 26.Rg1 Qxf4 27.e3 Qf5 28.Rg3 g6 29.Kg1 h5
30.Rb2 h4 31.Rg2 Qd3 32.h3 Qxa3 33.Rc2 Kg7 34.Rg4 Rh8 35.Qg2 Qd3 36.Rc6 Rh6
37.Qf3 f5 38.Rf4 Rh5 39.Qg2 Rh6 40.Rxh4 Rxh4 41.Qxg6+ Kh8  0-1

[Event "Spring op"]
[Site "Budapest"]
[Date "1995.??.??"]
[Round "?"]
[White "Czebe, Attila"]
[Black "Besztercsenyi, Tibor"]
[Result "1-0"]
[WhiteElo "2430"]
[BlackElo "2275"]

1.d4 Nf6 2.c4 e6 3.Nf3 b6 4.a3 Bb7 5.Nc3 d5 6.Bg5 Be7 7.Qa4+ c6 8.Bxf6 Bxf6
9.cxd5 exd5 10.g3 O-O 11.Bg2 Nd7 12.O-O Re8 13.e3 a6 14.Ne1 Nf8 15.Nd3 Ne6
16.Rac1 Rc8 17.Qb3 Ba8 18.Rfd1 h6 19.h4 a5 20.Qa2 Bb7 21.Ne2 Ba6 22.Ndf4 Nxf4
23.Nxf4 a4 24.Bf1 Bb7 25.Qb1 Be7 26.Qf5 Bd6 27.Bd3 Bxf4 28.Qh7+ Kf8 29.exf4 Qf6
30.Re1 g6 31.Qxh6+ Qg7 32.Qxg7+ Kxg7 33.f5 c5 34.fxg6  1-0

[Event "Budapest Hungaroil"]
[Site "Budapest"]
[Date "1995.??.??"]
[Round "2"]
[White "Petran, Pal"]
[Black "Lengyel, Levente"]
[Result "1-0"]
[WhiteElo "2470"]
[BlackElo "2365"]

1.d4 Nf6 2.c4 e6 3.Nf3 b6 4.a3 Bb7 5.Nc3 g6 6.Bg5 Bg7 7.Qc2 h6 8.Bh4 O-O
9.e3 d6 10.O-O-O Nbd7 11.d5 e5 12.Nd2 a5 13.Be2 Nc5 14.Nde4 g5 15.Nxc5 bxc5
16.Bg3 Qe7 17.e4 Bc8 18.h4 g4 19.h5 Nh7 20.Bh4 Bf6 21.g3 Bg5+ 22.Kb1 f5 23.exf5 Bxf5
24.Bd3 Bxd3 25.Rxd3 Bxh4 26.Rxh4 Nf6 27.Re3 Kh8 28.Ka2 Rg8 29.Nd1 Rg5 30.Rb3 c6
31.Ne3 cxd5 32.cxd5 e4 33.Qc3 Kg8 34.Qc4 Qc7  1-0

[Event "Budapest FS12 GM"]
[Site "Budapest"]
[Date "1995.??.??"]
[Round "5"]
[White "Zimmerman, Yuri"]
[Black "Csom, Istvan"]
[Result "1/2-1/2"]
[WhiteElo "2375"]
[BlackElo "2455"]

1.d4 Nf6 2.c4 e6 3.Nf3 b6 4.a3 Ba6 5.Qb3 Be7 6.g3 O-O 7.Bg2 c6 8.Bg5 d5 9.Nbd2 Nbd7
10.O-O Bb7  1/2-1/2

[Event "Budapest"]
[Site "Budapest"]
[Date "1995.??.??"]
[Round "6"]
[White "Izsak, Gyula"]
[Black "Petran, Pal"]
[Result "1/2-1/2"]
[WhiteElo "2445"]
[BlackElo "2470"]

1.d4 Nf6 2.Nf3 e6 3.c4 b6 4.a3 Ba6 5.e3 d5 6.Qc2 Be7 7.Bd3 O-O 8.O-O c5 9.cxd5 Bxd3
10.Qxd3 Qxd5 11.Nc3 Qb7 12.dxc5 Rd8 13.Qb5 Bxc5 14.b4 a6 15.Qe2 Be7 16.Bb2 Nbd7
17.b5 axb5 18.Nxb5 Nc5 19.Rfd1 Rxd1+ 20.Rxd1 Rd8 21.Rxd8+  1/2-1/2